Motorbikes in Movies - Statistics

General Stats
  • This quiz has been taken 72 times
  • The average score is 5 of 15
Answer Stats
Movie & Star Make of Motorbike % Correct
Easy Rider (Peter Fonda) Harley-Davidson (Chopper)
88%
The World's Fastest Indian ( Anthony Hopkins ) Indian (1920)
67%
The Wild One (Marlon Brando) 1950 Triumph Thunderbird 6T.
53%
Top Gun (Tom Cruise) Kawasaki GPZ900R
53%
The Great Escape (Steve McQueen) Triumph TR6 (Disguised as a BMW R75)
45%
Pulp Fiction (Bruce Willis) Harley-Davidson FXR Super Glide
36%
Mad Max (Mel Gibson) Kawasaki Kz1000
36%
Mission Impossible (Tom Cruise) Triumph (Speed Triple & Daytona)
33%
Matrix Reloaded (Carrie-Anne Moss) DUCATI 996
31%
Rambo (Sivester Stallone) Yamaha XT 250
27%
An Officer and a Gentleman (Richard Gere) Triumph Bonneville T140E
25%
The Girl With The Dragon Tattoo (Rooney Mara) Honda CB 350
17%
Skyfall (Daniel Craig) Honda CRF240R
17%
Salt (Angelina Jolie) Triumph Triple R
8%
The Master (Philip Seymour Hoffman / Joaquin Phoenix) 1935 Norton, Model 50
3%
No matching quizzes found
Score Distribution
Percent of People with Each Score
Percentile by Number Answered
Your Score History
You have not taken this quiz